North Europe Flag Quiz - Statistics

General Stats
  • This quiz has been taken 267 times
    263 since last reset
  • The average score is 9 of 10
Answer Stats
Picture Answer % Correct
United Kingdom
100%
Ireland
96%
Sweden
91%
Norway
90%
Finland
88%
Iceland
85%
Denmark
84%
Estonia
80%
Latvia
78%
Lithuania
70%
No matching quizzes found
Score Distribution
Percent of People with Each Score
Percentile by Number Answered
Your Score History
You have not taken this quiz since the last reset